| 000 | 00772nas a2200277 4500 | ||
|---|---|---|---|
| 001 | BR9205970 | ||
| 003 | BR-BrBNA | ||
| 005 | 20231205095000.0 | ||
| 007 | ta | ||
| 008 | 230509b bl.|||p| |||| 00| 00por d | ||
| 040 |
_aBR-BrBNA _bpor _cBiblioteca Nacional de Agricultura |
||
| 041 | _a(Pt) | ||
| 072 | _aL73 | ||
| 100 | 1 | _aMegib, J. | |
| 100 | 1 | _aFreitas, J.C. de | |
| 100 | 1 | _aMuller, E.E. | |
| 100 | 1 | _aCosta, L.L.S. | |
| 245 | 1 | _aOtite canina: etiologia, sensibilidade antibiotica e suscetibilidade animal | |
| 650 | _aCao | ||
| 650 | _aOtite | ||
| 650 | _aBacteria | ||
| 650 | _aAntibiotico | ||
| 773 | 0 |
_tSemina (Brazil) _xISSN 0101-3742 _g(Mar 1990), v. 11(1) p. 45-48 _wBR9205970 |
|
| 909 |
_a202311 _bLúcia _c55 _dLúcia Elande |
||
| 942 |
_2AGRIS _n0 _cANA |
||
| 999 |
_c148082 _d148082 |
||